000 00340nam a22001337a 4500
008 260601b |||||||| |||| 00| 0 eng d
020 _a9789381275399
082 _a001924
100 _aJagannātha, E s
245 _aGranthasampādanaśāstram
260 _aBangalore
_bPoorna Prajna Samshodhan Trust
_c2014
300 _a384p
942 _2ddc
999 _c1499
_d1499